Biostatistics : (Record no. 107171)
[ view plain ]
| 000 -LEADER | |
|---|---|
| fixed length control field | 00604nam a22001937a 4500 |
| 003 - CONTROL NUMBER IDENTIFIER | |
| control field | BD-ChCU |
| 005 - DATE AND TIME OF LATEST TRANSACTION | |
| control field | 20250803092247.0 |
| 008 - FIXED-LENGTH DATA ELEMENTS--GENERAL INFORMATION | |
| fixed length control field | 250803b ii ||||| |||| 00| 0 ben d |
| 040 ## - CATALOGING SOURCE | |
| Transcribing agency | BD-ChCU |
| 082 ## - DEWEY DECIMAL CLASSIFICATION NUMBER | |
| Edition number | 22 |
| Classification number | 570.15195 D183b |
| 100 ## - MAIN ENTRY--PERSONAL NAME | |
| Personal name | Daniel, Wayne W. |
| 9 (RLIN) | 11044 |
| 245 ## - TITLE STATEMENT | |
| Title | Biostatistics : |
| Remainder of title | Basic Concepts and Methodology for the Health Sciences / |
| Statement of responsibility, etc. | Wayne W. Daniel and Chad L. Cross |
| 250 ## - EDITION STATEMENT | |
| Edition statement | 10 ed. |
| 260 ## - PUBLICATION, DISTRIBUTION, ETC. | |
| Place of publication, distribution, etc. | New Delhi : |
| Name of publisher, distributor, etc. | Wiley, |
| Date of publication, distribution, etc. | c2014 |
| 300 ## - PHYSICAL DESCRIPTION | |
| Extent | 777p. : |
| Dimensions | 22 cm. |
| 650 #0 - SUBJECT ADDED ENTRY--TOPICAL TERM | |
| Topical term or geographic name entry element | Biostatistics |
| 9 (RLIN) | 11043 |
| 700 ## - ADDED ENTRY--PERSONAL NAME | |
| Personal name | Cross, Chad L. |
| Relator term | Jt. Author |
| 9 (RLIN) | 11045 |
| 942 ## - ADDED ENTRY ELEMENTS (KOHA) | |
| Source of classification or shelving scheme | Dewey Decimal Classification |
| Koha item type | Books |
| Suppress in OPAC | No |
| Withdrawn status | Lost status | Source of classification or shelving scheme | Damaged status | Not for loan | Home library | Current library | Shelving location | Date acquired | Source of acquisition | Total Checkouts | Full call number | Barcode | Date last seen | Price effective from | Koha item type | Copy number |
|---|---|---|---|---|---|---|---|---|---|---|---|---|---|---|---|---|
| Dewey Decimal Classification | Chittagong University Library | Chittagong University Library | Science Reading Room | 08/03/2025 | Purchase | 570.15195 D183b | 341943 | 08/03/2025 | 08/03/2025 | Books | ||||||
| Dewey Decimal Classification | Chittagong University Library | Chittagong University Library | Science Reading Room | 11/06/2025 | purchase | 570.15195 D183b | 343087 | 11/06/2025 | 11/06/2025 | Books | C-2 |